[Event "18th Asian-ch"]
[Site "New Delhi IND"]
[Date "2022.10.28"]
[Round "3.17"]
[White "Tologon, Tegin Semetei"]
[Black "Aryan Chopra"]
[Result "0-1"]
[WhiteElo "2382"]
[BlackElo "2629"]
[EventDate "2022.10.26"]
[PlyCount "78"]

1.e4 c5 2.Nf3 d6 3.d4 cxd4 4.Nxd4 Nf6 5.Nc3 Nc6 6.Bg5 e6 7.Bc4 Be7 8.Nxc6 
bxc6 9.Qe2 O-O 10.Rd1 Qb6 11.Bc1 d5 12.Bd3 e5 13.a3 Bg4 14.f3 Be6 15.Qf2 
Bc5 16.Qh4 dxe4 17.Nxe4 Nxe4 18.Qxe4 g6 19.b4 Bd4 20.Bd2 f5 21.Qe2 e4 22.
Bc4 Bd5 23.f4 Rfe8 24.Kf1 Rad8 25.c3 Bf6 26.Be3 Qc7 27.Kf2 Bxc3 28.Rc1 Qg7
29.b5 Kh8 30.Rhd1 Bf6 31.bxc6 Bxc6 32.Bb3 Qb7 33.Qc4 Bb5 34.Qb4 Rxd1 35.
Rxd1 a5 36.Qxa5 Bd3 37.Bd5 Qb2+ 38.Rd2 Qa1 39.Qb6 Bh4+ 0-1

[Event "18th Asian-ch"]
[Site "New Delhi IND"]
[Date "2022.10.28"]
[Round "3.18"]
[White "Aravindh, Chithambaram"]
[Black "Shahil, Dey"]
[Result "1-0"]
[WhiteElo "2625"]
[BlackElo "2395"]
[EventDate "2022.10.26"]
[PlyCount "75"]

1.e4 c5 2.c3 d5 3.exd5 Qxd5 4.d4 Nf6 5.Nf3 Bg4 6.Be2 e6 7.h3 Bh5 8.c4 Qd8 
9.d5 exd5 10.cxd5 Bd6 11.Nh4 Bg6 12.Nd2 O-O 13.Nxg6 hxg6 14.Nc4 Na6 15.O-O
Qd7 16.Bf3 Rad8 17.Qb3 Bb8 18.Rd1 b5 19.Na5 c4 20.Qc3 Qc7 21.Nc6 Qh2+ 22.
Kf1 Rde8 23.Be3 Bd6 24.a4 Nh5 25.Ke2 Bc5 26.axb5 Bxe3 27.fxe3 Nc5 28.Kd2 
Nb3+ 29.Kc2 Nxa1+ 30.Rxa1 Nf6 31.Rxa7 Qd6 32.Qd4 Nd7 33.e4 Nb8 34.Qxc4 Nd7
35.Qb4 Qxb4 36.Nxb4 Nc5 37.Nc6 Kh7 38.e5 1-0

[Event "18th Asian-ch"]
[Site "New Delhi IND"]
[Date "2022.10.28"]
[Round "3.19"]
[White "Saydaliev, Saidakbar"]
[Black "Sengupta, Deep"]
[Result "1/2-1/2"]
[WhiteElo "2376"]
[BlackElo "2497"]
[EventDate "2022.10.26"]
[PlyCount "150"]

1.e4 e5 2.Nf3 Nc6 3.Bc4 Bc5 4.d3 Nf6 5.Nc3 d6 6.Na4 Bb4+ 7.c3 Ba5 8.b4 Bb6
9.O-O O-O 10.h3 h6 11.Nxb6 axb6 12.a4 Re8 13.Re1 Be6 14.Bxe6 Rxe6 15.b5 
Ne7 16.c4 Ng6 17.g3 Re8 18.Be3 Nd7 19.Nd2 Nc5 20.Nb1 Qd7 21.Kg2 f5 22.exf5
Qxf5 23.Bxc5 dxc5 24.Nc3 Rf8 25.Ne4 Rf7 26.Qg4 Qxg4 27.hxg4 Rd7 28.Re3 Nf8
29.Nd2 Rad8 30.Ra3 Rd4 31.Kh3 Nh7 32.Nf3 Ng5+ 33.Nxg5 hxg5 34.Rxe5 Rxd3 
35.Rxd3 Rxd3 36.Re7 Rf3 37.Kg2 Rc3 38.Rxc7 Rxc4 39.Rxb7 Rxg4 40.Rxb6 Rxa4 
41.Rc6 g4 42.Rxc5 Ra1 43.b6 Rb1 44.Rc6 Kh7 45.Rd6 Kg8 46.f4 Kh7 47.f5 Rb2+
48.Kf1 Rb3 49.Kf2 Rf3+ 50.Kg2 Rxf5 51.b7 Rb5 52.Rd7 Rb2+ 53.Kf1 Kg6 54.Ke1
Kf5 55.Kd1 Ke4 56.Kc1 Rb6 57.Kc2 g5 58.Rf7 Kd4 59.Re7 Rc6+ 60.Kb3 Rb6+ 61.
Kc2 Rc6+ 62.Kd2 Rb6 63.Rd7+ Kc4 64.Rc7+ Kd4 65.Kc2 Rb5 66.Rd7+ Kc4 67.Rg7 
Kd4 68.Kd2 Rb2+ 69.Kc1 Rb5 70.Kc2 Rb6 71.Rc7 Rb5 72.Rd7+ Kc4 73.Kd2 Rb6 
74.Rg7 Kd4 75.Rd7+ Ke5 1/2-1/2

[Event "18th Asian-ch"]
[Site "New Delhi IND"]
[Date "2022.10.28"]
[Round "3.20"]
[White "Atabaev, Yusup"]
[Black "Nurmamedov, Azat"]
[Result "1/2-1/2"]
[WhiteElo "2490"]
[BlackElo "2382"]
[EventDate "2022.10.26"]
[PlyCount "213"]

1.e4 c5 2.Nf3 d6 3.d4 cxd4 4.Nxd4 a6 5.Nc3 e5 6.Nb3 Nf6 7.Be2 Be7 8.O-O 
O-O 9.Be3 Nbd7 10.a4 Qc7 11.f4 exf4 12.Bxf4 Nc5 13.Nxc5 Qxc5+ 14.Kh1 Be6 
15.Bd3 Nd7 16.Qd2 Ne5 17.b4 Qc7 18.a5 Bf6 19.Bxe5 Bxe5 20.Ra3 Rac8 21.Na4 
Qe7 22.Nb6 Rc7 23.Qf2 Bb2 24.Ra4 Bc3 25.b5 axb5 26.Bxb5 Rc5 27.a6 bxa6 28.
Bxa6 Qe8 29.Bc4 Bxc4 30.Rxc4 Ba5 31.Rxc5 Bxb6 32.Rc8 Bxf2 33.Rxe8 Rxe8 34.
Rxf2 d5 35.g4 Rxe4 36.h3 Rd4 37.Kg2 f6 38.Kf3 Kf7 39.Re2 Rc4 40.Kg3 Rc7 
41.h4 Re7 42.Rd2 Ke6 43.Kf4 Rc7 44.Re2+ Kd6 45.h5 g6 46.hxg6 hxg6 47.Rf2 
Rc3 48.Re2 Rc4+ 49.Kg3 Re4 50.Rh2 Ke5 51.Rf2 d4 52.Kh3 Re3+ 53.Kh2 Ra3 54.
Kg2 Re3 55.Kh2 f5 56.gxf5 gxf5 57.Kg2 Ke4 58.Rd2 Kd5 59.Rf2 Kc4 60.Rxf5 
Re2+ 61.Kf1 Rxc2 62.Ke1 Kc3 63.Rd5 Kd3 64.Rd8 Rc1+ 65.Kf2 Ra1 66.Rd7 Rb1 
67.Rd8 Rc1 68.Rd7 Rc8 69.Ke1 Ra8 70.Rd6 Re8+ 71.Kd1 Rh8 72.Ke1 Rh1+ 73.Kf2
Rd1 74.Ra6 Rc1 75.Rd6 Rc2+ 76.Ke1 Ra2 77.Rd8 Ra7 78.Rd6 Ra8 79.Rd7 Ra4 80.
Rd8 Rb4 81.Rd7 Rb8 82.Rd6 Rg8 83.Rd7 Rg1+ 84.Kf2 Rd1 85.Ra7 Rc1 86.Rd7 Rc4
87.Ke1 Rc5 88.Rd8 Rc7 89.Rd6 Rc8 90.Rd7 Rh8 91.Rd6 Rh7 92.Rd8 Rh6 93.Rd7 
Rh5 94.Rd8 Rh4 95.Rd7 Rh3 96.Rd8 Rh1+ 97.Kf2 Rh4 98.Ke1 Re4+ 99.Kd1 Rg4 
100.Ke1 Rg1+ 101.Kf2 Rd1 102.Ra8 Kc2 103.Ra2+ Kb3 104.Ke2 Kxa2 105.Kxd1 d3
106.Kd2 Ka1 107.Kxd3 1/2-1/2

[Event "18th Asian-ch"]
[Site "New Delhi IND"]
[Date "2022.10.28"]
[Round "3.21"]
[White "Krishna Teja, N."]
[Black "Vignesh, N. R."]
[Result "0-1"]
[WhiteElo "2359"]
[BlackElo "2486"]
[EventDate "2022.10.26"]
[PlyCount "86"]

1.d4 Nf6 2.c4 e6 3.Nc3 Bb4 4.Qc2 O-O 5.Nf3 d5 6.a3 Bxc3+ 7.Qxc3 dxc4 8.
Qxc4 b6 9.Bg5 Ba6 10.Qc2 h6 11.Bh4 Nbd7 12.e4 Bxf1 13.Rxf1 Qc8 14.Qc6 Rb8 
15.Rc1 Qb7 16.Nd2 Nc5 17.Qxb7 Nd3+ 18.Kd1 Rxb7 19.Rc6 Rd8 20.Nf3 g5 21.Kc2
Nf4 22.Nxg5 hxg5 23.Bxg5 Rxd4 24.Bxf6 Rxe4 25.b3 Nd5 26.Bb2 a5 27.Kd3 f5 
28.g3 a4 29.Rc4 axb3 30.Rxe4 fxe4+ 31.Kxe4 c5 32.Rc1 Rc7 33.Be5 Rc8 34.a4 
c4 35.Rb1 Ra8 36.Bb2 c3 37.Ke5 c2 38.Ra1 Nb4 39.Kd4 Na2 40.Kc4 c1=Q+ 41.
Bxc1 Nxc1 42.Kb4 b2 43.Rb1 Rc8 0-1

[Event "18th Asian-ch"]
[Site "New Delhi IND"]
[Date "2022.10.28"]
[Round "3.22"]
[White "Venkatesh, M. R."]
[Black "Sanket, Chakravarty"]
[Result "0-1"]
[WhiteElo "2470"]
[BlackElo "2372"]
[EventDate "2022.10.26"]
[PlyCount "88"]

1.e4 c6 2.d4 d5 3.e5 c5 4.Nf3 cxd4 5.Nxd4 Nc6 6.Nxc6 bxc6 7.Bd3 e6 8.Nd2 
a5 9.O-O Ne7 10.Qg4 Ba6 11.Nf3 Ng6 12.h4 Bxd3 13.cxd3 h5 14.Qa4 Qd7 15.Bg5
c5 16.Qc2 Rc8 17.Rfc1 Be7 18.Bxe7 Nxe7 19.Qd2 Qd8 20.Rc2 Nf5 21.Rac1 O-O 
22.Rxc5 Rxc5 23.Rxc5 Nxh4 24.Nxh4 Qxh4 25.Qxa5 f6 26.exf6 Rxf6 27.Rc2 Qg4 
28.Qe1 Rg6 29.Qf1 Qf3 30.Kh1 Qf4 31.Qe2 h4 32.Qf3 Qe5 33.Re2 Qg5 34.Kh2 
Qc1 35.Qe3 Qf1 36.f3 h3 37.g4 d4 38.Qf2 Qd1 39.Rd2 Qc1 40.Re2 Rf6 41.Qxd4 
Rxf3 42.Rf2 Qc7+ 43.Kh1 Qg3 44.Qd8+ Kh7 0-1

[Event "18th Asian-ch"]
[Site "New Delhi IND"]
[Date "2022.10.28"]
[Round "3.23"]
[White "Vaishali, R."]
[Black "Ritviz, Parab"]
[Result "0-1"]
[WhiteElo "2451"]
[BlackElo "2337"]
[EventDate "2022.10.26"]
[PlyCount "70"]

1.Nf3 g6 2.g3 Bg7 3.d4 d6 4.Bg2 Nd7 5.O-O e5 6.e4 Ngf6 7.Nc3 O-O 8.a4 c6 
9.a5 Re8 10.Re1 Qc7 11.h3 Rb8 12.Be3 b5 13.axb6 axb6 14.d5 b5 15.dxc6 Qxc6
16.Nd5 Bb7 17.Nd2 Nc5 18.b4 Na4 19.c4 Nb2 20.Nxf6+ Bxf6 21.Qf3 Bg7 22.cxb5
Qxb5 23.Reb1 Nc4 24.Qe2 Na3 25.Qxb5 Nxb5 26.Rc1 Rec8 27.Nc4 f5 28.f3 d5 
29.exd5 e4 30.Ra2 Bxd5 31.Rac2 exf3 32.Nb6 Rxc2 33.Rxc2 Be4 34.Rc5 fxg2 
35.Rxb5 Rd8 0-1

[Event "18th Asian-ch"]
[Site "New Delhi IND"]
[Date "2022.10.28"]
[Round "3.24"]
[White "Ajay, Karthikeyan"]
[Black "Aaryan, Varshney"]
[Result "1/2-1/2"]
[WhiteElo "2441"]
[BlackElo "2312"]
[EventDate "2022.10.26"]
[PlyCount "96"]

1.e4 e5 2.Nf3 Nc6 3.d4 exd4 4.Nxd4 Bc5 5.Nb3 Bb6 6.Nc3 Nf6 7.Qe2 O-O 8.Bg5
h6 9.Bh4 a5 10.a4 Nd4 11.Qd3 Nxb3 12.cxb3 c6 13.O-O-O d5 14.Qc2 Qd6 15.Kb1
Qe5 16.Bg3 Qe6 17.exd5 Nxd5 18.Nxd5 cxd5 19.Bd3 Qc6 20.Qd2 Qf6 21.Rhe1 Be6
22.f3 Rfe8 23.Be5 Qh4 24.g3 Qh3 25.Ka2 d4 26.Qf2 Qh5 27.g4 Qg5 28.Bxd4 
Bxd4 29.Qxd4 Rad8 30.Qb6 Qf4 31.Be4 Rc8 32.h3 Qh2 33.Qxa5 Qf2 34.Qd2 Qb6 
35.Qe3 Qa5 36.Kb1 b5 37.Qd2 Qa7 38.Qd4 Qa5 39.Qd2 Qa7 40.a5 b4 41.Qxb4 Rb8
42.Qd2 Bxb3 43.Rc1 Red8 44.Qc3 Rb5 45.Qc7 Qd4 46.Re2 Rf8 47.a6 Qa4 48.Rc3 
Qd4 1/2-1/2

[Event "18th Asian-ch"]
[Site "New Delhi IND"]
[Date "2022.10.28"]
[Round "3.25"]
[White "Sharan, Rao"]
[Black "Srihari, L. R."]
[Result "0-1"]
[WhiteElo "2350"]
[BlackElo "2436"]
[EventDate "2022.10.26"]
[PlyCount "84"]

1.Nf3 g6 2.g3 Bg7 3.d4 f5 4.c4 Nf6 5.Nc3 d6 6.Bg2 O-O 7.O-O c6 8.Qc2 Na6 
9.a3 Qe8 10.b4 e5 11.b5 Nc7 12.dxe5 dxe5 13.bxc6 bxc6 14.Rd1 e4 15.Nd4 Ne6
16.Rb1 Nxd4 17.Rxd4 Ng4 18.Rd1 Qf7 19.Na4 Ba6 20.Rb4 Rfd8 21.Rxd8+ Rxd8 
22.Bg5 Re8 23.Nc5 Bc8 24.Qa4 Bf8 25.Qa5 Ne5 26.Ra4 Nxc4 27.Qc3 Nb6 28.Ra5 
Qc4 29.Na4 Qxc3 30.Nxc3 a6 31.f3 Nc4 32.Ra4 Bc5+ 33.Kf1 Nb2 34.fxe4 Nxa4 
35.Nxa4 Bxa3 36.exf5 Bxf5 37.Bxc6 Rb8 38.e4 Be6 39.Kf2 Rc8 40.Bb7 Rc4 41.
Nb6 Bc5+ 42.Be3 Bxb6 0-1

[Event "18th Asian-ch"]
[Site "New Delhi IND"]
[Date "2022.10.28"]
[Round "3.26"]
[White "Raahul, V. S."]
[Black "Sattarov, Bobir"]
[Result "1-0"]
[WhiteElo "2333"]
[BlackElo "2433"]
[EventDate "2022.10.26"]
[PlyCount "71"]

1.d4 Nf6 2.c4 e6 3.Nc3 Bb4 4.e3 O-O 5.Bd2 b6 6.Nf3 c5 7.a3 Bxc3 8.Bxc3 Ne4
9.Rc1 f5 10.Bd3 Bb7 11.O-O Nxc3 12.Rxc3 d6 13.Qe2 Nd7 14.Rd1 Qe7 15.e4 f4 
16.Bc2 e5 17.dxe5 Nxe5 18.Nxe5 Qxe5 19.Qd2 Rf6 20.f3 Bc6 21.b3 Re8 22.Rd3 
Ree6 23.b4 Rh6 24.b5 Bb7 25.a4 Reg6 26.h4 Rf6 27.a5 Kf8 28.axb6 axb6 29.
Qc3 Qxc3 30.Rxc3 Rh5 31.Ra3 Rhh6 32.e5 Rf7 33.exd6 Rd7 34.Ra7 Rhxd6 35.
Rxd6 Rxd6 36.Rxb7 1-0

[Event "18th Asian-ch"]
[Site "New Delhi IND"]
[Date "2022.10.28"]
[Round "3.27"]
[White "Jain Kashish, Manoj"]
[Black "Sammed Jaykumar, Shete"]
[Result "0-1"]
[WhiteElo "2300"]
[BlackElo "2408"]
[EventDate "2022.10.26"]
[PlyCount "72"]

1.e4 c5 2.Nf3 Nc6 3.Bb5 e6 4.Bxc6 bxc6 5.d3 d6 6.Nbd2 e5 7.Nc4 f5 8.Bg5 
Nf6 9.exf5 Bxf5 10.Nh4 Be6 11.f4 h6 12.Ng6 hxg5 13.Nxh8 gxf4 14.Ng6 Kd7 
15.O-O Nd5 16.Qh5 Qf6 17.Rae1 Bf5 18.Nh4 g6 19.Qh7+ Be7 20.Nxf5 gxf5 21.
Qh5 Rh8 22.Qe2 Qh6 23.h3 Rg8 24.Rf3 Bh4 25.Ref1 Qg6 26.Qd2 Bf6 27.Kh1 Bg5 
28.Qa5 Bd8 29.Qd2 Qh6 30.Re1 Re8 31.Qd1 e4 32.dxe4 fxe4 33.Ra3 f3 34.Kh2 
Rg8 35.g3 Rxg3 36.Rxa7+ Kc8 0-1

[Event "18th Asian-ch"]
[Site "New Delhi IND"]
[Date "2022.10.28"]
[Round "3.28"]
[White "Anuj, Shrivatri"]
[Black "Ayush, Sharma"]
[Result "1/2-1/2"]
[WhiteElo "2407"]
[BlackElo "2267"]
[EventDate "2022.10.26"]
[PlyCount "65"]

1.Nf3 Nf6 2.c4 e6 3.g3 d5 4.Bg2 c6 5.Qc2 Nbd7 6.d4 Be7 7.O-O O-O 8.Rd1 b6 
9.b3 Bb7 10.Nc3 Rc8 11.e4 dxe4 12.Nxe4 c5 13.Nxf6+ Bxf6 14.Bb2 cxd4 15.
Nxd4 Bxg2 16.Kxg2 Qc7 17.Qe4 a6 18.Rd2 Nc5 19.Qf3 Rfd8 20.Rad1 Bg5 21.Rc2 
Rd6 22.h4 Bf6 23.Rcd2 Rcd8 24.Bc3 h6 25.Ne2 Rxd2 26.Rxd2 Bxc3 27.Rxd8+ 
Qxd8 28.Nxc3 Qd2 29.Ne4 Nxe4 30.Qxe4 Qxa2 31.Qa8+ Kh7 32.Qe4+ Kg8 33.Qa8+ 
1/2-1/2

[Event "18th Asian-ch"]
[Site "New Delhi IND"]
[Date "2022.10.28"]
[Round "3.29"]
[White "Amartuvshin, Ganzorig"]
[Black "Muradov, Soltan"]
[Result "1-0"]
[WhiteElo "2406"]
[BlackElo "2233"]
[EventDate "2022.10.26"]
[PlyCount "79"]

1.d4 Nf6 2.c4 c5 3.d5 e6 4.Nc3 exd5 5.cxd5 Bd6 6.Nf3 Qe7 7.g3 a6 8.a4 Bc7 
9.Bg2 d6 10.O-O Ba5 11.Nd2 O-O 12.Nc4 Bxc3 13.bxc3 Nbd7 14.Bf4 Ne8 15.e4 
f6 16.Be3 Rb8 17.f4 b5 18.Na5 Bb7 19.axb5 axb5 20.Qb3 Nc7 21.Nc6 Bxc6 22.
dxc6+ c4 23.Qb4 Nd5 24.exd5 Qxe3+ 25.Kh1 Nc5 26.Rae1 Qd3 27.Re7 Rf7 28.
Rxf7 Kxf7 29.Qa5 Re8 30.Qc7+ Re7 31.Qd8 Na6 32.Qxd6 b4 33.Qd8 b3 34.d6 Re2
35.Qd7+ Kg6 36.Qg4+ Kf7 37.c7 Nxc7 38.dxc7 b2 39.c8=Q b1=Q 40.Qh5+ 1-0

[Event "18th Asian-ch"]
[Site "New Delhi IND"]
[Date "2022.10.28"]
[Round "3.30"]
[White "Muhammed, Shuaau"]
[Black "Neelotpal, Das"]
[Result "1/2-1/2"]
[WhiteElo "2010"]
[BlackElo "2400"]
[EventDate "2022.10.26"]
[PlyCount "122"]

1.e4 c5 2.Nf3 d6 3.d4 cxd4 4.Nxd4 Nf6 5.Nc3 Nc6 6.f3 e5 7.Nb3 Be6 8.Nd5 
Be7 9.Be3 Bxd5 10.exd5 Nb4 11.c4 a5 12.Qd2 b6 13.Be2 O-O 14.O-O Re8 15.Nc1
Na6 16.Bd1 Nc5 17.Ne2 Nh5 18.g3 f5 19.Nc3 g6 20.Bc2 Rc8 21.a3 Nd7 22.b3 
Rf8 23.Bf2 Bg5 24.Qd1 Qe7 25.Nb5 e4 26.Bd4 exf3 27.Qxf3 Bf6 28.Rae1 Bxd4+ 
29.Nxd4 Ne5 30.Qe3 f4 31.Rxf4 Nxf4 32.gxf4 Nf3+ 33.Nxf3 Qxe3+ 34.Rxe3 Rxf4
35.Bd3 Rcf8 36.Be2 h6 37.Nd2 Kg7 38.Kg2 g5 39.Kg3 Rd4 40.Ne4 Re8 41.Bf3 
Kf8 42.Bg2 a4 43.bxa4 Rxc4 44.Rf3+ Ke7 45.Rb3 Rxa4 46.Rxb6 Rxa3+ 47.Kg4 
Ra2 48.Kg3 Ra3+ 49.Kg4 Ra2 50.Bf3 Rf8 51.Rb7+ Kd8 52.Rb8+ Ke7 53.Rxf8 Kxf8
54.Nxd6 Rxh2 55.Nf5 Kf7 56.Kg3 Rd2 57.Nxh6+ Kg6 58.Ng4 Kf5 59.Ne3+ Kf6 60.
Nc4 Rd4 61.Ne3 Ke5 1/2-1/2

[Event "18th Asian-ch"]
[Site "New Delhi IND"]
[Date "2022.10.28"]
[Round "3.31"]
[White "Winkelman, Albert"]
[Black "Yakubboev, Nodirbek"]
[Result "0-1"]
[WhiteElo "2229"]
[BlackElo "2663"]
[EventDate "2022.10.26"]
[PlyCount "84"]

1.e4 e5 2.Nf3 Nc6 3.Bb5 a6 4.Ba4 Nge7 5.O-O Ng6 6.c3 d5 7.d4 dxe4 8.Nxe5 
Nxe5 9.dxe5 Qxd1 10.Rxd1 Bf5 11.Bf4 b5 12.Bb3 Bc5 13.Nd2 O-O-O 14.Nf1 Bg6 
15.Ng3 Rd3 16.Re1 e3 17.fxe3 Rd2 18.h4 h5 19.Re2 Rhd8 20.Kf2 Rxe2+ 21.Kxe2
Re8 22.e6 fxe6 23.Ke1 Be7 24.Bxe6+ Kb7 25.Bd7 Rd8 26.Bxc6+ Kxc6 27.Bg5 
Bxg5 28.hxg5 Rd5 29.Ne2 Rxg5 30.Kf2 Be4 31.Ng3 Bxg2 32.Nxh5 Rxh5 33.Kxg2 
Kd5 34.Rd1+ Ke4 35.Rd7 c5 36.Rxg7 Kxe3 37.Rg6 a5 38.Rd6 Rf5 39.Kg1 Ke2 40.
b3 b4 41.cxb4 cxb4 42.Rd7 Rc5 0-1

[Event "18th Asian-ch"]
[Site "New Delhi IND"]
[Date "2022.10.28"]
[Round "3.32"]
[White "Visakh, N. R."]
[Black "Hossain, Enamul"]
[Result "1-0"]
[WhiteElo "2566"]
[BlackElo "2390"]
[EventDate "2022.10.26"]
[PlyCount "67"]

1.d4 Nf6 2.c4 e6 3.Nf3 d5 4.Nc3 Bb4 5.e3 O-O 6.Bd2 Nbd7 7.Qc2 b6 8.cxd5 
exd5 9.Bd3 Re8 10.a3 Bf8 11.Ng5 g6 12.h4 Bb7 13.h5 Bh6 14.Nxf7 Kxf7 15.
hxg6+ Kg7 16.gxh7 a6 17.Rh3 Ne4 18.h8=Q+ Rxh8 19.Nxe4 dxe4 20.Bxe4 Bxe4 
21.Qxe4 Bg5 22.Rxh8 Qxh8 23.Qf5 Qd8 24.Ke2 Nf8 25.Rc1 Bf6 26.Rc6 Nh7 27.
Bc3 Rc8 28.g4 Kg8 29.g5 Bg7 30.g6 Nf8 31.Qf7+ Kh8 32.d5 Bxc3 33.bxc3 Qg5 
34.Rxc7 1-0

[Event "18th Asian-ch"]
[Site "New Delhi IND"]
[Date "2022.10.28"]
[Round "3.33"]
[White "Iniyan, P."]
[Black "Singh, Ojasva"]
[Result "1-0"]
[WhiteElo "2541"]
[BlackElo "2382"]
[EventDate "2022.10.26"]
[PlyCount "79"]

1.d4 d5 2.c4 c6 3.Nf3 Nf6 4.Nc3 e6 5.Bg5 Nbd7 6.e3 Qa5 7.Nd2 Bb4 8.Qc2 
dxc4 9.Bxf6 Nxf6 10.Nxc4 Qc7 11.Be2 c5 12.O-O Bd7 13.a3 cxd4 14.axb4 dxc3 
15.Qxc3 O-O 16.Qe5 Qxe5 17.Nxe5 Rfc8 18.g4 Be8 19.Bf3 Nd5 20.Bxd5 exd5 21.
Rfc1 a6 22.g5 Kf8 23.Nf3 Ke7 24.Nd4 Bd7 25.Rc5 Rxc5 26.bxc5 a5 27.Ra3 a4 
28.b3 Rc8 29.bxa4 Rxc5 30.a5 f6 31.h4 fxg5 32.hxg5 Kf7 33.a6 bxa6 34.Rxa6 
Bb5 35.Ra7+ Kg6 36.Ne6 Rc1+ 37.Kh2 Rf1 38.Rxg7+ Kh5 39.Kg3 Rg1+ 40.Kf3 1-0

[Event "18th Asian-ch"]
[Site "New Delhi IND"]
[Date "2022.10.28"]
[Round "3.34"]
[White "Dushyant, Sharma"]
[Black "Pranav, V."]
[Result "0-1"]
[WhiteElo "2370"]
[BlackElo "2530"]
[EventDate "2022.10.26"]
[PlyCount "130"]

1.e4 e5 2.Nf3 Nc6 3.Nc3 Nf6 4.Bb5 Bb4 5.O-O O-O 6.d3 Bxc3 7.bxc3 d6 8.Bg5 
h6 9.Bh4 Nb8 10.d4 Qe7 11.Rb1 c6 12.Bd3 Re8 13.Re1 Nbd7 14.Bg3 g6 15.Qd2 
Kg7 16.h3 Nh5 17.Bh2 g5 18.Kh1 Qf6 19.Bf1 Nf8 20.c4 c5 21.dxe5 dxe5 22.Qd5
Nd7 23.Kg1 Re6 24.Red1 Rb8 25.Be2 Nf4 26.Bxf4 exf4 27.Ne1 Qe7 28.f3 b6 29.
Bf1 Rb7 30.Qd2 Qf6 31.Rb3 Rc7 32.Qc3 Ne5 33.Rbb1 h5 34.Be2 Bb7 35.Rd5 Bxd5
36.cxd5 Rd6 37.Qd2 Qg6 38.c4 f5 39.Nd3 Qf6 40.Nf2 Re7 41.Bd3 g4 42.exf5 
Nxd3 43.Qxd3 Re3 44.Qc2 gxf3 45.gxf3 Kf8 46.Kh2 Rxf3 47.Qe2 Ra3 48.Nd3 f3 
49.Qxf3 Rxa2+ 50.Kh1 Ra1 51.Rxa1 Qxa1+ 52.Kh2 Qc3 53.Kg3 b5 54.cxb5 h4+ 
55.Kg4 Qg7+ 56.Kf4 Qd4+ 57.Kg5 Qg7+ 58.Kf4 Qd4+ 59.Kg5 Qg1+ 60.Kf4 Qg3+ 
61.Qxg3 hxg3 62.Kxg3 Rxd5 63.Nf4 Rxf5 64.Kg4 Rf6 65.h4 c4 0-1

[Event "18th Asian-ch"]
[Site "New Delhi IND"]
[Date "2022.10.28"]
[Round "3.35"]
[White "De Silva, L. M. S. T."]
[Black "Wagh, Suyog"]
[Result "0-1"]
[WhiteElo "2516"]
[BlackElo "2351"]
[EventDate "2022.10.26"]
[PlyCount "64"]

1.e4 c5 2.Nf3 d6 3.Bb5+ Nd7 4.Ba4 Nf6 5.O-O e6 6.d4 cxd4 7.Qxd4 Be7 8.c4 
O-O 9.Nc3 Qc7 10.b4 Ne5 11.Nd2 Nc6 12.Nb5 Qb8 13.Qc3 d5 14.c5 dxe4 15.Bb2 
e5 16.Nc4 Nd5 17.Qg3 Nf4 18.Rfe1 Nd3 19.Bc3 f5 20.f4 Bf6 21.Ncd6 Be6 22.
fxe5 Ncxe5 23.Rf1 f4 24.Rxf4 Nxf4 25.Qxf4 Nf3+ 26.gxf3 Bxc3 27.Qxe4 Bxa1 
28.Bc2 Rf6 29.Qxh7+ Kf8 30.Qh8+ Ke7 31.Qxg7+ Bf7 32.Nxf7 Qg8 0-1

[Event "18th Asian-ch"]
[Site "New Delhi IND"]
[Date "2022.10.28"]
[Round "3.36"]
[White "Sidhant, Mohapatra"]
[Black "Sankalp, Gupta"]
[Result "0-1"]
[WhiteElo "2343"]
[BlackElo "2502"]
[EventDate "2022.10.26"]
[PlyCount "64"]

1.Nf3 d5 2.g3 Nc6 3.d4 Bf5 4.Bg2 e6 5.O-O Nb4 6.Na3 Be7 7.c3 Nc6 8.Qb3 a6 
9.Ne5 Nxe5 10.dxe5 b5 11.e4 Bxe4 12.Bxe4 dxe4 13.Rd1 Qb8 14.c4 c6 15.cxb5 
cxb5 16.Be3 Nh6 17.Bxh6 gxh6 18.Qc2 Qb7 19.Qd2 Bg5 20.Qb4 e3 21.Nc4 exf2+ 
22.Kxf2 Qa7+ 23.Kg2 bxc4 24.Qa4+ Kf8 25.Rd7 Qc5 26.Rf1 Be7 27.Qd1 Qc6+ 28.
Kh3 Rg8 29.Qd2 Ke8 30.Rd1 Rg5 31.Qf4 Rh5+ 32.Kg4 Rf5 0-1

[Event "18th Asian-ch"]
[Site "New Delhi IND"]
[Date "2022.10.28"]
[Round "3.37"]
[White "Avinash, Ramesh"]
[Black "Harshavardhan, G. B."]
[Result "1/2-1/2"]
[WhiteElo "2338"]
[BlackElo "2433"]
[EventDate "2022.10.26"]
[PlyCount "125"]

1.e4 e5 2.Nf3 Nc6 3.Bc4 Nf6 4.d3 Be7 5.O-O O-O 6.Nc3 d6 7.a4 Bg4 8.h3 Bh5 
9.Be3 Qc8 10.Nd5 Nxd5 11.Bxd5 Nd8 12.g4 Bg6 13.Kg2 c6 14.Ba2 Kh8 15.Ng1 
Ne6 16.Ne2 Qd8 17.f3 d5 18.Qe1 Bh4 19.Bf2 Bxf2 20.Qxf2 f6 21.f4 exf4 22.
exd5 cxd5 23.Nxf4 Nxf4+ 24.Qxf4 d4 25.Bc4 Be8 26.Rfe1 Bc6+ 27.Kg1 Qb6 28.
Bb5 Bd5 29.b3 a6 30.Bc4 Bc6 31.Re6 Qc5 32.Rae1 Rad8 33.Qd2 Bd7 34.b4 Qc7 
35.Re7 Qg3+ 36.Qg2 Qxg2+ 37.Kxg2 Bxa4 38.Kg3 Rfe8 39.Kf4 Rxe7 40.Rxe7 Bc6 
41.h4 Re8 42.Rxe8+ Bxe8 43.Ke4 Bd7 44.g5 fxg5 45.hxg5 Ba4 46.Kxd4 Bxc2 47.
b5 axb5 48.Bxb5 h5 49.gxh6 gxh6 50.Kc5 Kg7 51.Kb6 Kf6 52.Kxb7 Ke5 53.d4+ 
Kxd4 54.Be8 Ke5 55.Kb6 Kf6 56.Kc5 Bg6 57.Bxg6 Kxg6 58.Kd4 h5 59.Ke3 h4 60.
Kf3 h3 61.Kg3 h2 62.Kg2 Kg5 63.Kxh2 1/2-1/2

[Event "18th Asian-ch"]
[Site "New Delhi IND"]
[Date "2022.10.28"]
[Round "3.38"]
[White "Nigmatov, Ortik"]
[Black "Ratnakaran, K."]
[Result "1-0"]
[WhiteElo "2433"]
[BlackElo "2329"]
[EventDate "2022.10.26"]
[PlyCount "81"]

1.e4 e6 2.d4 d5 3.Nc3 Nf6 4.e5 Nfd7 5.f4 c5 6.Nf3 Be7 7.Be3 b6 8.h4 a6 9.
h5 Nc6 10.Qd2 Bb7 11.O-O-O Rc8 12.Qf2 b5 13.dxc5 b4 14.Na4 Qa5 15.b3 Na7 
16.c6 Bxc6 17.Bxa7 Bxa4 18.bxa4 Bc5 19.Bxc5 Nxc5 20.Nd2 Qxa4 21.Kb1 O-O 
22.Rc1 Qc6 23.Ka1 a5 24.h6 g6 25.Rh3 a4 26.Rb1 Qb6 27.Rf3 Rc6 28.a3 b3 29.
cxb3 axb3 30.Nxb3 Nxb3+ 31.Rbxb3 Qa5 32.Bd3 Rfc8 33.Bb1 Qd8 34.Rb7 Qf8 35.
Qh4 R6c7 36.Rxc7 Rxc7 37.Rb3 Ra7 38.Ka2 Ra8 39.g4 d4 40.g5 Qc5 41.Qe1 1-0

[Event "18th Asian-ch"]
[Site "New Delhi IND"]
[Date "2022.10.28"]
[Round "3.39"]
[White "Moksh Amit, Doshi"]
[Black "Jaiswal, Rupesh"]
[Result "1/2-1/2"]
[WhiteElo "2430"]
[BlackElo "2135"]
[EventDate "2022.10.26"]
[PlyCount "132"]

1.d4 Nf6 2.c4 g6 3.Nc3 Bg7 4.e4 d6 5.h3 Nbd7 6.Be3 O-O 7.Nf3 e5 8.d5 Nc5 
9.Nd2 a5 10.g4 Bd7 11.Be2 c6 12.f3 Rb8 13.h4 cxd5 14.exd5 e4 15.fxe4 Nfxe4
16.Ndxe4 Nxe4 17.Nxe4 Qe7 18.Qc2 Rbe8 19.Bd3 f5 20.O-O-O fxe4 21.Be2 a4 
22.a3 Rc8 23.Bb6 Qe5 24.Kb1 Rce8 25.h5 Qg5 26.hxg6 hxg6 27.Rdf1 Qe5 28.Ba5
Rxf1+ 29.Rxf1 Rf8 30.Rxf8+ Kxf8 31.Bc7 Ke7 32.Qc1 Qh2 33.Qe3 Qe5 34.Qb6 e3
35.Ka1 Qg3 36.Ka2 Be5 37.Bd8+ Kf8 38.Bg5 Bxg4 39.Qd8+ Kg7 40.Qc7+ Kg8 41.
Qb8+ Kg7 42.Qxb7+ Kg8 43.Qb8+ Kg7 44.Qa7+ Kg8 45.Qb8+ Kg7 46.Qc7+ Kg8 47.
Qd8+ Kg7 48.Qe7+ Kg8 49.Bd3 Bf5 50.Qd8+ Kg7 51.Qc7+ Kg8 52.Qb8+ Kg7 53.
Qa7+ Kf8 54.Bh6+ Kg8 55.Bxf5 gxf5 56.Qxe3 Kf7 57.Kb1 Kg6 58.Qxg3+ Bxg3 59.
Be3 f4 60.Bd4 f3 61.c5 dxc5 62.Bxc5 f2 63.Bxf2 Bxf2 64.b3 axb3 65.Kb2 Kf5 
66.Kxb3 Ke5 1/2-1/2

[Event "18th Asian-ch"]
[Site "New Delhi IND"]
[Date "2022.10.28"]
[Round "3.40"]
[White "Aradhya, Garg"]
[Black "Nitin, S."]
[Result "1-0"]
[WhiteElo "2284"]
[BlackElo "2407"]
[EventDate "2022.10.26"]
[PlyCount "59"]

1.d4 Nf6 2.Nf3 g6 3.Bg5 Bg7 4.c3 O-O 5.Nbd2 d6 6.e4 c5 7.dxc5 dxc5 8.Bc4 
Nc6 9.O-O Qc7 10.Qe2 h6 11.Bxf6 exf6 12.Nh4 Ne7 13.f4 f5 14.exf5 Bxf5 15.
g4 Bc8 16.f5 b5 17.fxg6 bxc4 18.gxf7+ Kh8 19.Rae1 Qd7 20.Qxe7 Qxg4+ 21.Kh1
Bd7 22.Rg1 Bc6+ 23.Ne4 Qh5 24.Ng6+ Kh7 25.Nxf8+ Rxf8 26.Rxg7+ Kxg7 27.Qf6+
Kh7 28.Qxc6 Qf3+ 29.Kg1 Rxf7 30.Qxc5 1-0

[Event "18th Asian-ch"]
[Site "New Delhi IND"]
[Date "2022.10.28"]
[Round "3.42"]
[White "Arjun Kalyan"]
[Black "Chakravarthi Reddy, M."]
[Result "1-0"]
[WhiteElo "2526"]
[BlackElo "2301"]
[EventDate "2022.10.26"]
[PlyCount "41"]

1.e4 e6 2.d4 d5 3.Nc3 Nf6 4.e5 Nfd7 5.f4 c5 6.Nf3 Nc6 7.Be3 a6 8.a3 b5 9.
Bd3 Qb6 10.O-O Nxd4 11.Nxd4 cxd4 12.Bf2 Bc5 13.Ne2 Qa7 14.b4 Bb6 15.Bh4 f6
16.Ng3 O-O 17.Nh5 f5 18.g4 g6 19.gxf5 exf5 20.e6 gxh5 21.e7 1-0

[Event "18th Asian-ch"]
[Site "New Delhi IND"]
[Date "2022.10.28"]
[Round "3.43"]
[White "Abdisalimov, Abdimalik"]
[Black "Kakabaev, Mergen"]
[Result "1-0"]
[WhiteElo "2457"]
[BlackElo "2285"]
[EventDate "2022.10.26"]
[PlyCount "75"]

1.e4 e5 2.Nf3 Nc6 3.Bb5 a6 4.Ba4 Nf6 5.O-O Be7 6.Re1 b5 7.Bb3 d6 8.c3 O-O 
9.h3 Na5 10.Bc2 c5 11.d4 Qc7 12.d5 c4 13.b4 cxb3 14.axb3 Bd7 15.Be3 Nb7 
16.b4 a5 17.Bd3 Rfc8 18.Qe2 Qd8 19.Bd2 g6 20.Na3 Nh5 21.Bxb5 Nf4 22.Qf1 g5
23.Bxd7 Qxd7 24.Nc4 Bd8 25.Ra3 f5 26.Bxf4 gxf4 27.Nfd2 Qb5 28.Nxa5 Qxf1+ 
29.Kxf1 Nxa5 30.Rea1 Kf7 31.exf5 Ke7 32.bxa5 Rc5 33.c4 Ra6 34.Ra4 Rc8 35.
Ne4 Rb8 36.g4 fxg3 37.fxg3 Rb2 38.R1a2 1-0